000
00256nam a22001097a 4500
008
240711b |||||||| |||| 00| 0 eng d
100
_a
Dayaram, Gidumal
_9
16878
245
_a
Sadhu Hiranand
260
_c
1961
_b
Guru Swaroop;
300
_a
180p.
942
_c
BK
999
_c
40015
_d
40015